بطولة ملك

Bibliographic Details
Main Author: ثنيان, عبد العزيز بن عبدالرحمن (Author)
Format: Book
Language:Arabic
Published: al-Riyad : Maktabah al-Ubaykan , 1999
Subjects:

MARC

LEADER 00000cam a2200000 7i4500
001 0000052051
005 20081022093000.0
008 081022s1999 su ara
020 |a 9960204839 
090 0 0 |a PJ7864.H86   |b B88 1999 
100 1 |a ثنيان, عبد العزيز بن عبدالرحمن ,   |e author 
241 1 0 |a Butulat malik 
245 1 0 |a بطولة ملك   |c عبد العزيز بن عبد الرحمن الثنيان 
260 |a al-Riyad :   |b Maktabah al-Ubaykan ,   |c 1999 
300 |a 12 v. ;   |c 22 cm. 
505 0 |a [1] al-Futuwah wa-al-za'amah -- [2] al-Iqtiham wa-al-istirdad -- [3] al-Tahaddi wa-al-munazalah -- [4] Tahaluf al-khusum -- [5] al-Sahil al-sharqi -- [6] Muhayid wa-muharib -- [7] Ma`rakat Talid -- [8] al-Ma`arik al-jabaliyah -- [9] al-Shamal al-jamih -- [10] al-Sabr yanfudh! -- [11] al-`Arus wa-al-mahr -- [12] Khatimat al-bidayah. 
651 0 |a Islamic Empire   |x History   |y 622-661   |v Fiction 
999 |a 1000111787   |b Book   |c OPEN SHELF (30 DAYS)   |e Gong Badak Campus 
999 |a 1000111788   |b Book   |c OPEN SHELF (30 DAYS)   |e Gong Badak Campus 
999 |a 1000111789   |b Book   |c OPEN SHELF (30 DAYS)   |e Gong Badak Campus 
999 |a 1000111790   |b Book   |c OPEN SHELF (30 DAYS)   |e Gong Badak Campus 
999 |a 1000111791   |b Book   |c OPEN SHELF (30 DAYS)   |e Gong Badak Campus 
999 |a 1000111792   |b Book   |c OPEN SHELF (30 DAYS)   |e Gong Badak Campus 
999 |a 1000111793   |b Book   |c OPEN SHELF (30 DAYS)   |e Gong Badak Campus 
999 |a 1000111794   |b Book   |c OPEN SHELF (30 DAYS)   |e Gong Badak Campus 
999 |a 1000111795   |b Book   |c OPEN SHELF (30 DAYS)   |e Gong Badak Campus 
999 |a 1000111796   |b Book   |c OPEN SHELF (30 DAYS)   |e Gong Badak Campus 
999 |a 1000111797   |b Book   |c OPEN SHELF (30 DAYS)   |e Gong Badak Campus 
999 |a 1000111798   |b Book   |c OPEN SHELF (30 DAYS)   |e Gong Badak Campus